Introduction to electrical circuit analysis / (Record no. 934)

MARC details
000 -LEADER
fixed length control field 01484nam a22003017a 4500
001 - CONTROL NUMBER
control field 19603470
005 - DATE AND TIME OF LATEST TRANSACTION
control field 20240131074517.0
006 - FIXED-LENGTH DATA ELEMENTS--ADDITIONAL MATERIAL CHARACTERISTICS
fixed length control field m |o d |
007 - PHYSICAL DESCRIPTION FIXED FIELD--GENERAL INFORMATION
fixed length control field cr_|||||||||||
008 - FIXED-LENGTH DATA ELEMENTS--GENERAL INFORMATION
fixed length control field 240131b |||||||| |||| 00| 0 eng d
020 ## - INTERNATIONAL STANDARD BOOK NUMBER
International Standard Book Number 9781119284918 (pdf)
040 ## - CATALOGING SOURCE
Original cataloging agency DLC
Language of cataloging eng
Description conventions rda
Transcribing agency KMU
Modifying agency KMU
050 00 - LIBRARY OF CONGRESS CALL NUMBER
Classification number TK3001
100 1# - MAIN ENTRY--PERSONAL NAME
Personal name Ergül, Özgür,
Relator term author.
245 10 - TITLE STATEMENT
Title Introduction to electrical circuit analysis /
Statement of responsibility, etc. Ozgür Ergül.
264 #1 - PRODUCTION, PUBLICATION, DISTRIBUTION, MANUFACTURE, AND COPYRIGHT NOTICE
Place of production, publication, distribution, manufacture Hoboken, NJ :
Name of producer, publisher, distributor, manufacturer John Wiley & Sons,
Date of production, publication, distribution, manufacture, or copyright notice 2017.
300 ## - PHYSICAL DESCRIPTION
Extent xix, 402 p.;
Other physical details ill.;
Dimensions 24 cm.
500 ## - GENERAL NOTE
General note Includes index.
505 0# - FORMATTED CONTENTS NOTE
Formatted contents note Basic tools : Kirchhoff's laws -- Analysis of resistive networks : nodal analysis -- Analysis of resistive networks : mesh analysis -- Black-box concept -- Transient analysis -- Steady-state analysis of time-harmonic circuits -- Selected components of modern circuits -- Practical technologies in modern circuits -- In the next steps -- Photographs of some circuit elements -- Exercise solutions.
588 ## - SOURCE OF DESCRIPTION NOTE
Source of description note Description based on print version record and CIP data provided by publisher.
650 #0 - SUBJECT ADDED ENTRY--TOPICAL TERM
Topical term or geographic name entry element Electric circuits.
650 #0 - SUBJECT ADDED ENTRY--TOPICAL TERM
Topical term or geographic name entry element Electronic circuits.
650 #0 - SUBJECT ADDED ENTRY--TOPICAL TERM
Topical term or geographic name entry element Electric circuit analysis.
776 08 - ADDITIONAL PHYSICAL FORM ENTRY
Relationship information Print version:
Main entry heading Ergül, Özgür, author.
Title Introduction to electrical circuit analysis
Place, publisher, and date of publication Hoboken, NJ : John Wiley & Sons, 2017
International Standard Book Number 9781119284932
Record control number (DLC) 2017001722
906 ## - LOCAL DATA ELEMENT F, LDF (RLIN)
a 7
b cbc
c origcop
d 1
e ecip
f 20
g y-gencatlg
942 ## - ADDED ENTRY ELEMENTS (KOHA)
Source of classification or shelving scheme Library of Congress Classification
Koha item type Non-Fiction
Suppress in OPAC No
Holdings
Withdrawn status Lost status Source of classification or shelving scheme Damaged status Not for loan Collection Home library Current library Shelving location Date acquired Source of acquisition Total Checkouts Full call number Barcode Date last seen Price effective from Koha item type Date last checked out
    Library of Congress Classification     Non-fiction Kapasa Makasa University Kapasa Makasa University Open Access 31.01.2024 Book Aid International   TX 30001 Erg 749206 28.05.2024 31.01.2024 Non-Fiction  
    Library of Congress Classification     Non-fiction Kapasa Makasa University Kapasa Makasa University Open Access 31.01.2024 Book Aid International   TX 30001 Erg 749205 31.01.2024 31.01.2024 Non-Fiction  
    Library of Congress Classification     Non-fiction Kapasa Makasa University Kapasa Makasa University Open Access 01.02.2024 Book Aid International 1 TK 3001 Erg 749208 19.02.2025 01.02.2024 Non-Fiction 05.02.2025
    Library of Congress Classification     Non-fiction Kapasa Makasa University Kapasa Makasa University Open Access 01.02.2024 Book Aid International   TK 3001 Erg 749305 01.02.2024 01.02.2024 Non-Fiction